Film Crafts' collection soundstage film institute and studios,coimbatore,TN (Record no. 12546)

000 -LEADER
fixed length control field 00566nam a2200169 4500
008 - FIXED-LENGTH DATA ELEMENTS--GENERAL INFORMATION
fixed length control field 240219b ||||| |||| 00| 0 eng d
040 ## - CATALOGING SOURCE
Original cataloging agency BMS College of Architecture
100 ## - MAIN ENTRY--PERSONAL NAME
Personal name Ashwini Manoj
245 ## - TITLE STATEMENT
Title Film Crafts' collection soundstage film institute and studios,coimbatore,TN
300 ## - PHYSICAL DESCRIPTION
Extent 71p,
500 ## - GENERAL NOTE
General note 1CF19AT014
502 ## - DISSERTATION NOTE
Degree type B,Arch
Name of granting institution BMS College of Architecture, Visvesvaraya Technological University (VTU)
Dissertation note Project report
Year degree granted 2023
650 ## - SUBJECT ADDED ENTRY--TOPICAL TERM
Topical term or geographic name as entry element Film city
700 ## - ADDED ENTRY--PERSONAL NAME
Personal name Dakshayini R Patil
Relator term Guide
710 ## - ADDED ENTRY--CORPORATE NAME
Corporate name or jurisdiction name as entry element Subodh Khandekar
942 ## - ADDED ENTRY ELEMENTS (KOHA)
Source of classification or shelving scheme
Holdings
Withdrawn status Lost status Source of classification or shelving scheme Damaged status Not for loan Permanent Location Current Location Date acquired Barcode Date last seen Koha item type
          BMS College of Architecture, Design and Planning BMS College of Architecture, Design and Planning 2024-02-19 AR-UGP1176 2024-02-19 UG-Thesis and Dissertations
Copyright © 2025, The Librarian, Library and Information Centre, BMSCA D&P, Bengaluru. All Rights Reserved
web counter

Powered by Koha